| 000 | 00467nam a2200181Ia 4500 | ||
|---|---|---|---|
| 005 | 20250923144503.0 | ||
| 008 | 008 250917s9999 xx 000 0 eng d | ||
| 037 | _aTextual | ||
| 040 |
_aDSWL _beng _cDSWL |
||
| 041 |
_aeng _2eng |
||
| 084 | _qDSWL | ||
| 100 |
_aKumar,Krishan _9825387 |
||
| 245 | 0 |
_aSocial economic survey of village _cby Krishan Kumar |
|
| 260 |
_aRohtak _c1954 |
||
| 300 | _aiv,61p. | ||
| 942 | _cTEXL | ||
| 999 |
_c1439495 _d1439495 |
||